000 00387nam a2200145Ia 4500
008 211109s9999||||xx |||||||||||||| ||und||
082 _a894.8121
_bCHE-K
100 _aCherussery,
245 0 _aKrishnagatha Kamsagathy
260 _bD c Books
_aKottayam
_c1900
300 _a504p
630 _xGeneral Stack
650 _aMalayalam Literature
_vMalayalam Poetry
_xMalayalam
942 _cBOOK
999 _c1205
_d1205